000
00327nam a2200133Ia 4500
008
240624s9999 xx 000 0 und d
041
_a
eng
082
_a
823 BRA
100
_a
BRADFORD BARBARA TAYLOR
245
_a
HOLD THE DREAM
260
_c
1993
_a
London
_b
Harper Collins Publishers
300
_a
831p. ; 18cm.
365
_c
BPS
999
_c
3980
_d
3980